| 000 | 00902nam a2200301 a 4500 | ||
|---|---|---|---|
| 003 | AR-BaBNM | ||
| 005 | 20251128205206.0 | ||
| 008 | 082120s2002 ||||||||||||||000 | spa|| | ||
| 040 | _cAR-BaBNM | ||
| 100 | 1 | _aMarcuse, Aída E. | |
| 245 | 0 | 0 | _aMe lo dijo un indio viejo |
| 260 |
_aBuenos Aires _bPlus Ultra _c1994 |
||
| 300 |
_a86 p. _bil. |
||
| 490 | 0 |
_aCuadernos de la poesía y el relato orales _vv. 1 |
|
| 500 | _aContiene vocabulario a pie de página | ||
| 650 | 4 | _aLITERATURA FOLKLORICA | |
| 650 | 4 | _aLITERATURA INFANTIL | |
| 650 | 4 | _aLEYENDAS | |
| 650 | 4 | _aCOSTUMBRES Y TRADICIONES | |
| 650 | 4 | _aLITERATURA LATINOAMERICANA | |
| 650 | 4 | _aABORIGENES SUDAMERICANOS | |
| 650 | 4 | _aLENGUAS AMERINDIAS | |
| 650 | 4 | _aACTIVIDADES DE APRENDIZAJE | |
| 700 | 1 |
_aFabre, Fernando Angel _eilustrador |
|
| 800 | 1 |
_aArtigas de Sierra, Ione María _edirector |
|
| 942 | _cBK | ||
| 998 | _cisola | ||
| 999 |
_c10383 _d10383 |
||